Statistiken für Kader SC Paderborn 07

Klicken Sie hier um das Quiz zu spielen!

Allgemein

  • Dieses Quiz wurde 80 mal gespielt
  • Das Durchschnittsergebnis liegt bei 17 aus 27

Antwortstatistiken

#Spieler% Korrekt
21Jannik Huth
91%
36Felix Platte
84%
11Sirlord Conteh
82%
17Leopold Zingerle
80%
8Ron Schallenberg
80%
30Florent Muslija
75%
10Julian Justvan
73%
9Marvin Pieringer
70%
13Robert Leipertz
70%
24Jannis Heuer
68%
2Uwe Hünemeier
68%
15Tobias Müller
66%
Lukas Kwasniok
61%
18Dennis Srbeny
59%
27Kai Klefisch
57%
23Raphael Obermair
52%
3Bashir Humphreys
50%
4Jasper van der Werff
50%
33Marcel Hoffmeier
50%
6Marco Schuster
50%
31Maximilian Rohr
50%
40Niclas Nadj
50%
7Richmond Tachie
48%
26Sebastian Klaas
48%
1Moritz Schulze
45%
16Pelle Boevink
41%
28Jonas Carls
39%

Verteilung der Resultate

Perzentil nach korrekt beantworteten Fragen

Anzahl Personen mit jedem Resultat

Ihre Resultats-Entwicklung

Sie haben dieses Quiz noch nicht gespielt